LEADER 00737nas a2200169 i 4500 001 000000017288 003 CaOOAMICUS 005 20180830125443.0 008 180830n it u0 ita u 040 $aSeMil$bita 100 1 $aStato della Cittą del Vaticano.$0(OLS)http://semarc/name/7913 245 10$aPitture del Vaticano /$cPubblicate dallo Stato della Cittą del Vaticano, in collaborazione con l' U.N.E.S.C.O. 260 $aCittą del Vaticano :$bTipografia Poliglotta Vaticana,$c[194?] 300 $av. ;$c45 cm. 710 2 $aUNESCO.$0(OLS)http://semarc/name/2185 996 $6245$aPitture del Vaticano$9(OLS)http://semarc/title/22862 996 $6260$aCittą del Vaticano :$bTipografia Poliglotta Vaticana$9(OLS)http://semarc/publisher/30105 LEADER 01187nam a2200277 i 4500 001 000000108896 003 CaOOAMICUS 005 20021016000000.0 008 021016s1990 gw u000 u ger u 013 $a81576 020 $a3-7918-2326-4 040 $aSeMil$bita 100 1 $aCullmann, Oscar,$d<1902-1999>.$0(OLS)http://semarc/name/13511 245 14$aDie Entstehung des Weihnachtsfestes :$bund die Herkunft des Weihnachtsbaumes /$cOscar Cullmann. 260 $aStuttgart :$bQuell,$c1990. 300 $a71 p. ;$c18 cm. 500 $aIn mezzo al front. : Dedica autografa dell'Autore. - Fondo Card. C.M. Martini. 650 4$aNatale - Storia.$0(OLS)http://semarc/subject/19234 650 4$aNatale - Festa.$0(OLS)http://semarc/subject/8584 850 $aSeMil 852 $aSeMil$W1$xVenegono$y1$m3F V 86$j64942$B64942$CSeMilBibl$Z2$F103508 $81 941 1 $a4 961 $aOmaggio: Martini Card. Carlo Maria 996 $6020$a3-7918-2326-4$9(OLS)http://semarc/number/90038 996 $6245$aDie Entstehung des Weihnachtsfestes :$bund die Herkunft des Weihnachtsbaumes$9(OLS)http://semarc/title/157996 996 $6260$aStuttgart :$bQuell$9(OLS)http://semarc/publisher/45016